000 00437ntaaa2200181 4500
003 01
005 20251027201922.0
008 0714s1973 ag 01
040 _aAR-BaBN
_bspa
_cAR-BaBN
_eaacr
_dRIC
082 _a244.1800 L66c
100 _aLionni, Leo
_917655
245 _aLa casa más grande del mundo
250 _a1 ed.
260 _aBuenos Aires :
_bKapelusz,
_c1975
300 _as. p.
650 _aNiños-Cuentos
942 _cBK
999 _c13901
_d13901